LIBRARY & INFORMATION CENTRE, KCAET, TAVANUR

ONLINE PUBLIC ACCESS CATALOGUE (OPAC)

Text book of hydraulic machinery / (Record no. 3256)

MARC details
000 -LEADER
fixed length control field 00454cam a2200181ua 4500
041 ## - LANGUAGE CODE
Language code of text/sound track or separate title eng
082 ## - DEWEY DECIMAL CLASSIFICATION NUMBER
Classification number 621.2
Item number ABD/TE
100 ## - MAIN ENTRY--AUTHOR NAME
Personal name Abdulla, Shariif .
245 ## - TITLE STATEMENT
Title Text book of hydraulic machinery /
250 ## - EDITION STATEMENT
Edition statement 1 /
260 ## - PUBLICATION, DISTRIBUTION, ETC. (IMPRINT)
Place of publication Poona :
Name of publisher Alies Book Stall ,
Year of publication 1955.
300 ## - PHYSICAL DESCRIPTION
Number of Pages 505 ; .
942 ## - ADDED ENTRY ELEMENTS (KOHA)
Koha item type Books
Holdings
Withdrawn status Lost status Damaged status Home library Current library Date acquired Full call number Accession Number Koha item type
      KAUAET KAUAET 07/04/2012 621.2 SHA/TE 12853 Books
free website counter